000
00268nam a2200109Ia 4500
008
220204s9999 xx 000 0 und d
082
_a
655.26
_b
CRA
100
_a
James
245
0
_a
Production for the graphic designer
260
_a
New York
_b
Watson
_c
1974
942
_c
BK
999
_c
30394
_d
30394